Foreign footballers in PL #9 Manchester City F.C. - Statistics

General Stats
  • This quiz has been taken 142 times
  • The average score is 7 of 10
Answer Stats
Nationality Footballer % Correct
Bosnia and Herzegovina Edin Dzeko
92%
Ivory Coast Yaya Touré, Wilfried Bony
86%
Germany Ilkay Gündogan, Leroy Sané
85%
Ukraine Oleksandr Zinchenko
76%
Netherlands Karim Rekik, Philippe Sandler, Nathan Aké
75%
Serbia Aleksandar Kolarov, Matija Nastasic, Luka Ilic, Filip Stevanovic
70%
Chile Claudio Bravo
61%
Montenegro Stevan Jovetic
54%
USA Zack Steffen
44%
Nigeria Kelechi Iheanacho, Olarenwaju Kayode
36%
No matching quizzes found
Score Distribution
Percent of People with Each Score
Percentile by Number Answered
Your Score History
You have not taken this quiz